00571nam a2200157 a 450000100100000000500170001000800410002704000250006810000360009324500820012926000440021130000270025504900090028295201050029199900170039600002907720200930055321.0110413s1988 dr 000 0 spa d aDO-SdBNPbspacBNPHU1 aEspaillat G., Luis Ariel95597710aCronicas de viajes :btras las huellas del Galileo /cLuis Ariel Espaillat G. a[Santo Domingo] :bCosmo Travel,c1988. a11 p. :bil. ;c22 cm. aBNPD 0010718PDaPDbPDcCTd2011-04-13iLF1l0o p29077-10r2020-06-25w2020-06-25yLFPDZNo se presta c28569d28569